Comparative Analysis of Mobile Ad HOC Network Routing Protocols ( Thesis MS) (Record no. 69076)

MARC details
000 -LEADER
fixed length control field 00409nam a22001217a 4500
100 ## - MAIN ENTRY--AUTHOR NAME
Personal name Ahsan Ali Naich
-- 21-MSIT-01
-- Supervisor - Dr. Saima Siraj Soomro
245 ## - TITLE STATEMENT
Title Comparative Analysis of Mobile Ad HOC Network Routing Protocols ( Thesis MS)
260 ## - PUBLICATION, DISTRIBUTION, ETC. (IMPRINT)
Place of publication Nawabshah
Name of publisher QUEST
Year of publication 2024p.
300 ## - PHYSICAL DESCRIPTION
Number of Pages 76p.
700 ## - ADDED ENTRY--PERSONAL NAME
Personal name Department of Information Technology
942 ## - ADDED ENTRY ELEMENTS (KOHA)
Koha item type Thesis and Dissertation
Holdings
Withdrawn status Lost status Home library Current library Date acquired Accession Number Koha item type
    Research Section Research Section 29/06/2026 MP/99-1450 Thesis and Dissertation
    Research Section Research Section 29/06/2026 MP/99-1451 Thesis and Dissertation